| 000 | 00574nam a22002177a 4500 | ||
|---|---|---|---|
| 001 | 75249 | ||
| 003 | BD-RjUL | ||
| 005 | 20211209082650.0 | ||
| 008 | 190207s1972 ii ||||| |||| 00| 0 eng d | ||
| 035 | _a(BD-RjUL)75467 | ||
| 040 |
_aBD-RjUL _beng _cBD-RjUL |
||
| 041 | _aeng | ||
| 082 |
_223 _a571.86 _bJHL 1972 |
||
| 100 |
_aJha, B. _9227849 |
||
| 245 | 1 | 0 |
_aLife history and embryology of angiosperms / _cB. Jha |
| 250 | _a2nd ed. | ||
| 260 |
_aMeerut : _bPragati Prakashan, _c1972 |
||
| 300 |
_a82 p.: _bill.; _c22 cm. |
||
| 650 |
_aEmbryology _9227850 |
||
| 942 |
_2ddc _cBK |
||
| 999 |
_c75249 _d75249 |
||